Music Quiz

Random Music or Lyrics Quiz

Caravan - 'Nine Feet Underground' Lyrics Quiz Stats

 Plays Quiz not verified by Sporcle

Challenge
Share
Tweet
Embed
Score 0/292 Timer 12:00
0 Plays Today
% Correct
the
100%
day
100%
is
100%
What
100%
do
100%
you
100%
see
100%
with
100%
your
100%
eyes?
100%
me
100%
the
100%
my
100%
What
100%
I
100%
see
100%
I
100%
know
100%
is
100%
real
100%
What
100%
I
100%
I
100%
know
100%
I
100%
I
100%
for
100%
what
100%
you
100%
it
100%
to
100%
me
100%
For
100%
I
100%
see
100%
your
100%
is
100%
My
100%
is
100%
is
100%
talk
100%
to
100%
me
100%
'bout
100%
So
100%
to
100%
do,
100%
time
100%
All
100%
my
100%
love
100%
to
100%
you
100%
with
100%
a
100%
for
100%
All
100%
I
100%
have
100%
is
100%
what
100%
you
100%
with
100%
you
100%
What
100%
I
100%
see
100%
I
100%
know
100%
is
100%
real
100%
what
100%
I
100%
I
100%
know
100%
I
100%
All
100%
my
100%
love
100%
to
100%
you
100%
all
100%
my
100%
love
100%
is
100%
you
100%
There's
100%
a
100%
place
100%
where
100%
I
100%
can
100%
go,
100%
where
100%
I
100%
to
100%
the
100%
I
100%
% Correct
know,
100%
and
100%
it
100%
brings
100%
it
100%
all
100%
back
100%
again
100%
me,
100%
there's
100%
a
100%
I
100%
can
100%
on
100%
a
100%
and
100%
it
100%
brings
100%
it
100%
all
100%
back
100%
again
100%
Will
100%
the
100%
day
100%
be
100%
warm
100%
and
100%
bright,
100%
or
100%
will
100%
it
100%
snow?
100%
There
100%
are
100%
people
100%
waiting
100%
here
100%
who
100%
really
100%
want
100%
to
100%
know
100%
And
100%
I
100%
and
100%
People
100%
all
100%
the
100%
time,
100%
and
100%
it
100%
brings
100%
it
100%
all
100%
back
100%
to
100%
me
100%
Will
100%
the
100%
day
100%
be
100%
warm
100%
and
100%
bright,
100%
or
100%
will
100%
it
100%
snow?
100%
There
100%
are
100%
people
100%
waiting
100%
who
100%
really
100%
have
100%
to
100%
know
100%
you
100%
it
100%
the
100%
I
100%
what
100%
to
100%
be
100%
the
100%
can
100%
And
100%
it
100%
brings
100%
it
100%
all
100%
back
100%
to
100%
me
100%
Yes,
100%
it
100%
brings
100%
% Correct
it
100%
all
100%
back
100%
to
100%
me
100%
II - Love's a Friend
100%
VII - Disassociation
100%
Look
66.7%
at
66.7%
that
66.7%
dawning
66.7%
Think
66.7%
of
66.7%
now
66.7%
while
66.7%
you're
66.7%
yawning
66.7%
Sunshine
66.7%
from
66.7%
feel
66.7%
don't
66.7%
much
66.7%
that
66.7%
mind
66.7%
Don't
66.7%
forgiving
66.7%
much
66.7%
no
66.7%
more
66.7%
goes
66.7%
straight
66.7%
feel,
66.7%
hands
66.7%
in
66.7%
mouth
66.7%
gently
66.7%
kneel
66.7%
feel
66.7%
goes
66.7%
straight
66.7%
listen
66.7%
wind
66.7%
of
66.7%
of
66.7%
that
66.7%
tree,
66.7%
think
66.7%
of
66.7%
free
66.7%
talking
66.7%
now
66.7%
feel
66.7%
in
66.7%
air?
66.7%
that
66.7%
tears
33.3%
cries
33.3%
touch
33.3%
If
33.3%
care
33.3%
say
33.3%
won't
33.3%
mean
33.3%
today
33.3%
world
33.3%
living
33.3%
yours,
33.3%
yours
33.3%
mine
33.3%
just
33.3%
thought
33.3%
something
33.3%
new
33.3%
touch
33.3%
singing
33.3%
songs
33.3%
happiness
33.3%
Somewhere
33.3%
deep
33.3%
inside
33.3%
song
33.3%
sing
33.3%
Jigsaw
33.3%
puzzles
33.3%
sometimes
33.3%
wine,
33.3%
songs
33.3%
laughter
33.3%
flowing
33.3%
Can't
33.3%
wonder
33.3%
it's
33.3%
meant
33.3%
It's
33.3%
thought
33.3%
despair
33.3%

You're not logged in!

Compare scores with friends on all Sporcle quizzes.
OR
Log In

You Might Also Like...

Show Comments

Extras

Top Quizzes Today


Score Distribution

Your Account Isn't Verified!

In order to create a playlist on Sporcle, you need to verify the email address you used during registration. Go to your Sporcle Settings to finish the process.

Report this User

Report this user for behavior that violates our Community Guidelines.

Details: